000 00693nam a22002057a 4500
005 20240530110547.0
008 160608s2014 ua g 000 f ara d
017 _a2013/17757
_bمصر . دار الكتب المصرية
020 _a9789774278556
040 _aEG-CaGPL
082 0 4 _221
_a813.03\
_bأ ب
100 0 _aاشرف العشماوى .
245 1 2 _aالبارمان :
_bرواية /
_cاشرف العشماوى .
250 _aط 3.
260 _aالقاهرة :
_bالدار المصرية اللبنانية ،
_c2014 .
300 _a246 ص ؛
_c20 سم .
650 0 4 _aالقصص العربية .
942 _2ddc
_cBK
999 _c62373
_d62373